000 00490cam a2200157 i 4500
005 20260104103256.0
008 250721s9999 gr 000 0 ara d
082 1 4 _a219
_bش ل ب
100 1 _aشلبي، محمود
_eمؤلف.
245 1 0 _aحياة رسول الله /
_cمحمود شلبي.
264 3 1 _aبيروت :
_bدار الجيل،
_c[غير معرف].
300 _a269 صفحة.
650 1 7 _aالسيرة النبوية.
942 _2ddc
_cBK
999 _c28811
_d28811